Estatísticas para Países mais próximos de Papua Nova Guiné

Clique aqui para jogar o quiz

Estatísticas Gerais

  • Esse quiz foi jogado 89 vezes
  • A pontuação média é 17 de 20

Estatísticas das Respostas

kmpaís% Correto
4Austrália
100%
0Indonésia
95%
3472Nova Zelândia
91%
2226Tuvalu
90%
1485Vanuatu
90%
1875Ilhas Marshall
87%
5Ilhas Salomão
87%
514Micronésia
87%
2565Malásia
86%
3578Samoa
86%
1263Palau
85%
1953Filipinas
82%
3249Tonga
82%
1636Kiribati
81%
1392Nauru
81%
2518Fiji
77%
1506Timor-Leste
77%
2950Brunei
67%
3454Taiwan
61%
3469Japão
59%

Distribuição das Pontuações

Percentil de Números Respondidos

Porcentagem de Pessoas com Cada Pontuação

Sua Pontuação Histórica

Você não jogou esse quiz